| 000 | 01078cam a2200313 i 4500 | ||
|---|---|---|---|
| 001 | 200462614 | ||
| 003 | TR-AnTOB | ||
| 005 | 20241003091110.0 | ||
| 007 | ta | ||
| 008 | 202410s1972 tu 000 0 tur d | ||
| 010 | _a73209093 | ||
| 040 |
_aNYG _beng _erda _cNYG _dOCLCQ _dBGZ _dTR-AnTOB |
||
| 041 | 0 | _atur | |
| 050 | 1 | 4 |
_aDS63.2.T8 _bK87 1972 |
| 090 |
_aDS63.2.T8 _bK87 1972 |
||
| 100 |
_aKürkçüoğlu, Ömer _eauthor _942053 |
||
| 245 | 1 | 0 |
_aTürkiye'nin Arap Orta Doğusu'na karşı politikası ; _b1945-1970 / _cDr. Ömer E. Kürkçüoğlu. |
| 264 | 1 |
_aAnkara : _bAnkara Üniversitesi, _c1972. |
|
| 300 |
_axi, 210 pages : _bmaps ; _c24 cm |
||
| 336 |
_atext _btxt _2rdacontent |
||
| 337 |
_aunmediated _bn _2rdamedia |
||
| 338 |
_avolume _bnc _2rdacarrier |
||
| 490 | 0 |
_aAnkara Üniversitesi. Siyasal Bilgiler Fakültesi yayınları ; _vno. 340 |
|
| 504 | _aBIB | ||
| 651 | 7 |
_aTürkiye _xDış ilişkiler _zArap ülkeleri _2etuturkob _9126522 |
|
| 651 | 7 |
_aArap ülkeleri _xDış ilişkiler _zTürkiye _2etuturkob _986723 |
|
| 942 |
_2lcc _cBK |
||
| 999 |
_c200462614 _d80826 |
||